Ultimate Big Bang Theory Quiz - Statistics

General Stats
  • This quiz has been taken 164 times
  • The average score is 6 of 15
Answer Stats
Question Answer % Correct
How many times does Penny break up with Leonard? 3
93%
How many years are Amy and Sheldon together before they break up? 5
89%
Which two characters both sleep with Leslie Winkle? Leonard and Howard
77%
How many children does Sheldon say he wants? 15
59%
How tall is Amy's date, Dave? 6"7
49%
In the opening scene, where are Leonard and Sheldon going? The spermbank
49%
How much do Sheldon and Amy give away in addition to the cats? $20
43%
Who officiates Penny and Leonard's second wedding ceremony? Bernadette
37%
What strange animal did Amy try to milk as a child? Cat
34%
When in the 'mines' what show do Sheldon and Raj request? Hannah Montana
31%
What does Priya cook for the group in Raj's apartment? Chilli
30%
What do Howard and Raj go to see with Bert? Rock show
26%
What did Bernadette suggest as a baby name before Hallie? Debbie
10%
What does Sheldon buy with his tokens from the arcade? A joke flower
4%
Why does Sheldon's Meemaw call him moonpie? Because he's just so nummy nummy, she could just eat him up
1%
No matching quizzes found
Score Distribution
Percent of People with Each Score
Percentile by Number Answered
Your Score History
You have not taken this quiz